Cosas de Lilis / (Registro nro. 32844)
[ vista simple ]
| 000 -CABECERA | |
|---|---|
| campo de control de longitud fija | 00874nam a2200217 a 4500 |
| 001 - NÚMERO DE CONTROL | |
| campo de control | 000033353 |
| 005 - FECHA Y HORA DE LA ÚLTIMA TRANSACCIÓN | |
| campo de control | 20240410073847.0 |
| 008 - DATOS DE LONGITUD FIJA--INFORMACIÓN GENERAL | |
| campo de control de longitud fija | 110825s1977 dr 000 0 spa d |
| 040 ## - FUENTE DE LA CATALOGACIÓN | |
| Centro catalogador/agencia de origen | DO-SdBNP |
| Lengua de catalogación | spa |
| Centro/agencia transcriptor | BNPHU |
| 082 ## - NÚMERO DE LA CLASIFICACIÓN DECIMAL DEWEY | |
| Número de clasificación | 972.9304 |
| Número de documento/Ítem | C355c |
| 100 1# - ENTRADA PRINCIPAL--NOMBRE DE PERSONA | |
| Nombre de persona | Castro, Víctor M. de, |
| Fechas asociadas al nombre | 1872-1924 |
| 9 (RLIN) | 58935 |
| 245 10 - MENCIÓN DE TÍTULO | |
| Título | Cosas de Lilis / |
| Mención de responsabilidad, etc. | Víctor M. de Castro ; prólogo Américo Lugo. |
| 260 ## - PUBLICACIÓN, DISTRIBUCIÓN, ETC. | |
| Lugar de publicación, distribución, etc. | Santo Domingo : |
| Nombre del editor, distribuidor, etc. | Taller, |
| Fecha de publicación, distribución, etc. | 1977. |
| 300 ## - DESCRIPCIÓN FÍSICA | |
| Extensión | 112 p. ; |
| Dimensiones | 21 cm. |
| 600 14 - PUNTO DE ACCESO ADICIONAL DE MATERIA--NOMBRE DE PERSONA | |
| Nombre de persona | HEUREAUX, ULISES, |
| Fechas asociadas al nombre | 1845-1895 |
| Subdivisión de forma | ANECTODAS, CHISTES, SATIRAS. ETC |
| 9 (RLIN) | 58937 |
| 650 #4 - PUNTO DE ACCESO ADICIONAL DE MATERIA--TÉRMINO DE MATERIA | |
| Término de materia o nombre geográfico como elemento de entrada | Presidendetes |
| Subdivisión geográfica | República Dominicana |
| Subdivisión general | Biografías |
| 9 (RLIN) | 58938 |
| 651 #0 - PUNTO DE ACCESO ADICIONAL DE MATERIA--NOMBRE GEOGRÁFICO | |
| Nombre geográfico | República Dominicana -- |
| Subdivisión general | Historia -- |
| Subdivisión cronológica | 1844-1930 |
| 9 (RLIN) | 1009 |
| 651 #4 - PUNTO DE ACCESO ADICIONAL DE MATERIA--NOMBRE GEOGRÁFICO | |
| Nombre geográfico | República Dominicana |
| Subdivisión general | Historia |
| Subdivisión de forma | ANÉCTODAS, CHISTES, SÁTIRAS, ETC |
| 9 (RLIN) | 58939 |
| 700 12 - PUNTO DE ACCESO ADICIONAL--NOMBRE DE PERSONA | |
| Nombre de persona | Lugo, Américo |
| Fechas asociadas al nombre | 1870-1952 |
| Término indicativo de función/relación | pról. |
| 9 (RLIN) | 81550 |
| 910 ## - DATOS DE OPCIÓN DEL USUARIO (OCLC) | |
| Datos de opción del usuario | Validado. Control de calidad MFF |
| Estado de retiro | Estado de pérdida | No para préstamo | Código de colección | Localización permanente | Ubicación/localización actual | Ubicación en estantería | Fecha de adquisición | Número de inventario | Total de préstamos | Signatura topográfica completa | Código de barras | Fecha visto por última vez | Precio válido a partir de | Tipo de ítem Koha | Nota pública |
|---|---|---|---|---|---|---|---|---|---|---|---|---|---|---|---|
| Excluido de préstamo | Patrimonio Dominicano | Patrimonio Dominicano | Patrimonio Dominicano | Depósito | 25.08.2011 | LF1 | 972.9304 C355c | 33353-10 | 25.06.2020 | 25.06.2020 | Libro y Folleto Colección Patrimonio Dominicano | Perteneció a la biblioteca personal Juan Isidro Jiménes-Grullón |
